Rock Albums #18 - Statistics

General Stats
  • This quiz has been taken 24 times
  • The average score is 8 of 20
Answer Stats
Album Year of Release Artist % Correct
G n R lies 1988 Guns n Roses
100%
Ozzmosis 1995 Ozzy Osbourne
95%
We are Motörhead 2003 Motorhead
90%
L.A. Woman 1971 The doors
76%
Cherry Pie 1990 Warrant
76%
Slave to the grind 1991 Skid row
43%
Aftermath 1966 The rolling stones
43%
Woman and children first 1980 Van halen
43%
Mob rules 1981 Black Sabbath
38%
Hollywood Vampires 2015 Hollywood Vampires
38%
Rio Grande mud 1972 ZZ Top
38%
Cheap thrills 1968 Janis Joplin
19%
City of evil 2005 Avenged sevenfold
14%
Under the blade 1982 Twisted sister
14%
Torn arteries 2021 Carcass
10%
Altars of madness 1989 Morbid Angel
10%
Scum 1987 Napalm Death
10%
Controlled chaos 2018 Nita Strauss
10%
The black 2016 Asking Alexandria
5%
Somewhere between the power lines and palm trees 2023 Dogstar
5%
No matching quizzes found
Score Distribution
Percent of People with Each Score
Percentile by Number Answered
Your Score History
You have not taken this quiz